000 00504cam a22001457a 4500
008 180718b1968 xxu||||| |||| 00| 0 eng d
082 _aR06x54 In2/c/Ed
100 _aIndia. Committee on Worker's Education
245 _aReport of the Committee on Worker's Education
_cby National Commission on Labour
260 _aDelhi
_bThe Manager of Publications
_c1968
300 _a63+p.
500 _aChairman: V.K.R. Menon
700 _aIndia. National Commission on Labour
700 _aMenon, V.K.R. (Chairman)
999 _c489595
_d489595